La venda transparente / (Registro nro. 13935)

Detalles MARC
000 -LEADER
fixed length control field 00697nam a2200241 a 4500
001 - CONTROL NUMBER
control field
003 - CONTROL NUMBER IDENTIFIER
control field DO-SdBNP
005 - DATE AND TIME OF LATEST TRANSACTION
control field 20231123083911.0
008 - FIXED-LENGTH DATA ELEMENTS--GENERAL INFORMATION
fixed length control field 090930s2002 dr ac 001 p spa d
020 ## - INTERNATIONAL STANDARD BOOK NUMBER
International Standard Book Number 99934764040
040 ## - CATALOGING SOURCE
Original cataloging agency DO-SdBNP
Language of cataloging spa
Transcribing agency BPMSU
082 #4 - DEWEY DECIMAL CLASSIFICATION NUMBER
Classification number RD861.44
Item number B171ve 2002
Edition number 22
100 1# - MAIN ENTRY--PERSONAL NAME
Personal name Balaguer, Joaquín,
Dates associated with a name 1906-2002
9 (RLIN) 2
245 13 - TITLE STATEMENT
Title La venda transparente /
Statement of responsibility, etc. Joaquín Balaguer.
250 ## - EDITION STATEMENT
Edition statement 6a ed.
260 ## - PUBLICATION, DISTRIBUTION, ETC. (IMPRINT)
Place of publication, distribution, etc. Santo Domingo :
Name of publisher, distributor, etc. Editora Corripio,
Date of publication, distribution, etc. 2002
300 ## - PHYSICAL DESCRIPTION
Extent 143 p. :
Other physical details il., retr. ;
Dimensions 22 cm.
590 ## - LOCAL NOTE (RLIN)
Local note Inventariado, 2022/VM
650 #4 - SUBJECT ADDED ENTRY--TOPICAL TERM
Topical term or geographic name as entry element Poesía dominicana
650 #4 - SUBJECT ADDED ENTRY--TOPICAL TERM
Topical term or geographic name as entry element Literatura dominicana.
910 ## - USER-OPTION DATA (OCLC)
User-option data VMateo V. Control de calidad. PMSU
942 ## - ADDED ENTRY ELEMENTS (KOHA)
Source of classification or shelving scheme Dewey Decimal Classification
Koha item type Libros
Existencias
Withdrawn status Lost status Source of classification or shelving scheme Damaged status Not for loan Collection code Home library Current library Date acquired Source of acquisition Total Checkouts Full call number Barcode Date last seen Price effective from Koha item type Copy number
    Dewey Decimal Classification     Colección Dominicana Biblioteca Pública Metropolitana Salomé Ureña Biblioteca Pública Metropolitana Salomé Ureña 01/12/2022 Fundación Joaquín Balaguer   BPMSU CD RD861.44 B171ve, 2002 BPMSU22010007 01/12/2022 01/12/2022 Libros  
    Dewey Decimal Classification     Colección Dominicana Biblioteca Pública Metropolitana Salomé Ureña Biblioteca Pública Metropolitana Salomé Ureña 01/12/2022 Fundación Joaquín Balaguer   BPMSU CD RD861.44 B171ve, 2002 BPMSU22010008 01/12/2022 01/12/2022 Libros e.2
    Dewey Decimal Classification     Colección Dominicana Biblioteca Pública Metropolitana Salomé Ureña Biblioteca Pública Metropolitana Salomé Ureña 01/12/2022 Fundación Joaquín Balaguer   BPMSU CD RD861.44 B171ve, 2002 BPMSU25120029 12/04/2025 01/12/2022 Libros e.3